5HLuxD.jpg

KING HENRY VIII SENIOR AND PRIMARY SCHOOL LIBRARY OPAC

Assassin's apprentice / (Record no. 1940)

000 -LEADER
fixed length control field 01694pam a2200301 i 4500
001 - CONTROL NUMBER
control field 019723702
003 - CONTROL NUMBER IDENTIFIER
control field UkOxU
005 - DATE AND TIME OF LATEST TRANSACTION
control field 20230220114003.0
008 - FIXED-LENGTH DATA ELEMENTS--GENERAL INFORMATION
fixed length control field 140321r20141995enkb 000 1 eng d
015 ## - NATIONAL BIBLIOGRAPHY NUMBER
National bibliography number GBB433312
Source bnb
020 ## - INTERNATIONAL STANDARD BOOK NUMBER
International Standard Book Number 9780007562251 (pbk.) :
035 ## - SYSTEM CONTROL NUMBER
System control number (Uk)016657914
040 ## - CATALOGING SOURCE
Original cataloging agency StDuBDS
Language of cataloging eng
Transcribing agency StDuBDS
Modifying agency Uk
-- KH8
Description conventions rda
082 04 - DEWEY DECIMAL CLASSIFICATION NUMBER
Classification number FIC HOB
Edition number 23
100 1# - MAIN ENTRY--PERSONAL NAME
Personal name Hobb, Robin
Relator term author.
245 10 - TITLE STATEMENT
Title Assassin's apprentice /
Statement of responsibility, etc. Robin Hobb.
264 #1 - PRODUCTION, PUBLICATION, DISTRIBUTION, MANUFACTURE, AND COPYRIGHT NOTICE
Place of production, publication, distribution, manufacture London :
Name of producer, publisher, distributor, manufacturer HarperVoyager,
Date of production, publication, distribution, manufacture, or copyright notice 2014.
300 ## - PHYSICAL DESCRIPTION
Extent 392 pages :
Other physical details 1 map ;
Dimensions 20 cm.
336 ## - CONTENT TYPE
Content type term text
Source rdacontent
337 ## - MEDIA TYPE
Media type term unmediated
Source rdamedia
338 ## - CARRIER TYPE
Carrier type term volume
Source rdacarrier
440 ## - SERIES STATEMENT/ADDED ENTRY--TITLE
Title The Farseer trilogy ;
Number of part/section of a work 1.
500 ## - GENERAL NOTE
General note Originally published: London: HarperCollins, 1995.
500 ## - GENERAL NOTE
General note Formerly CIP.
Institution to which field applies Uk
520 ## - SUMMARY, ETC.
Summary, etc. A glorious classic fantasy combining the magic of Ursula Le Guin's The Wizard of Earthsea with the epic Mastery of Tolkien's The Lord of the Rings. Now reissued in gorgeous new livery. The kingdom of the Six Duchies is on the brink of civil war when news breaks that the crown prince has fathered a bastard son and is shamed into abdication. The child's name is Fitz, and his is despised.Raised in the castle stables, only the company of the king's fool, the ragged children of the lower city and his unusual affinity with animals provide Fitz with any comfort.To be useful to the crown, Fitz is trained as an assassin; and to use the traditional magic of the Farseer family. But his tutor, allied to another political faction, is determined to discredit, even kill him. Fitz must survive: for he may be destined to save the kingdom.
655 #0 - INDEX TERM--GENRE/FORM
Genre/form data or focus term Fantasy fiction.
942 ## - ADDED ENTRY ELEMENTS (KOHA)
Source of classification or shelving scheme
Koha item type Books - Fiction
Holdings
Withdrawn status Lost status Source of classification or shelving scheme Damaged status Not for loan Collection code Permanent Location Current Location Shelving location Date acquired Full call number Barcode Date last seen Price effective from Koha item type
          Fiction KH8 Senior School Library KH8 Senior School Library Fiction 2023-02-20 FIC HOB 3KHSL000101979 2024-07-16 2023-02-20 Books - Fiction

Powered By KH8 IT Dept